000 00473nam a2200181Ia 4500
008 090123s9999 xx 000 0 und d
082 _b3731
100 _aश्रीनिवासन
245 _aसुब्बण्ण
250 _a1
260 _c1974
300 _a103
600 _aश्रीनिवासन
630 _aसुब्बण्ण
700 _aश्रीनिवासन
730 _aसुब्बण्ण
942 _cBOOK
999 _c41810
_d41810